Les abréviations des 50 états des USA - 1 minute - Statistiques

Statistiques générales
  • Ce quiz a été pris 1 752 fois
    187 depuis la dernière actualisation
  • Le résultat moyen est 15 sur 50
Statistiques - réponses
États Abréviation % Correct
Alabama AL
95%
Californie CA
91%
Arkansas AR
78%
Alaska AK
76%
Arizona AZ
75%
Colorado CO
73%
Floride FL
70%
Delaware DE
63%
Connecticut CT
59%
Indiana IN
55%
Idaho ID
53%
Illinois IL
51%
Caroline du Nord NC
43%
Dakota du Sud SD
43%
Dakota du Nord ND
42%
Caroline du Sud SC
42%
Hawaii HI
40%
Iowa IA
38%
Géorgie GA
31%
Kansas KS
30%
New York NY
27%
Nouveau Mexique NM
21%
Massachussets MA
20%
Ohio OH
19%
Oklahoma OK
19%
Michigan MI
18%
New Jersey NJ
16%
Kentucky KY
15%
Oregon OR
15%
Washington WA
14%
New Hampshire NH
13%
Rhode Island RI
13%
Texas TX
13%
Louisiane LA
12%
Minnesota MN
12%
Nebraska NE
12%
Utah UT
12%
Missouri MO
11%
Wisconsin WI
11%
Wyoming WY
11%
Maine ME
10%
Mississippi MS
10%
Tennessee TN
10%
Nevada NV
7%
Vermont VT
7%
Maryland MD
6%
Virginie Occidentale WV
4%
Pennsylvanie PA
3%
Montana MT
2%
Virginie VA
1%
Aucun quiz correspondant
Distribution des résultats
% des personnes avec chaque résultat
Percentile par nombre de réponses
Votre historique - résultats
Vous n’avez pas pris ce quiz depuis la dernière actualisation